This or That Blitz: Looney Tunes or The Muppets Quiz Stats

 Plays Quiz Updated Mar 24, 2018

Score 0/30 Timer 01:00
2 Plays Today
Character Looney Tunes or The Muppets % Correct
Daffy Duck???
89.8%
Road Runner???
89.5%
Wile E. Coyote???
89.5%
Bugs Bunny???
89.5%
Tasmanian Devil???
89.2%
Sylvester???
88.8%
Speedy Gonzales???
88.4%
Swedish Chef???
88.2%
Porky Pig???
88.1%
Kermit the Frog???
88.1%
Fozzie Bear???
87.9%
Gonzo???
87.9%
Yosemite Sam???
87.7%
Animal???
87.7%
Elmer Fudd???
87.4%
Character Looney Tunes or The Muppets % Correct
Beaker???
87.2%
Marvin the Martian???
86.8%
Tweety Pie???
86.7%
Miss Piggy???
86.4%
Pepé Le Pew???
85.7%
Foghorn Leghorn???
85.2%
Scooter???
85%
Rizzo the Rat???
84.2%
Waldorf???
84.1%
Dr. Bunsen Honeydew???
83.4%
Statler???
82.3%
Rowlf the Dog???
82.2%
Camilla the Chicken???
78%
Sam Eagle???
75.5%
Sam Sheepdog???
64.6%

You're not logged in!

Compare scores with friends on all Sporcle quizzes.
OR
Log In

You Might Also Like...

Show Comments

Extras

Top Quizzes Today


Score Distribution

Your Account Isn't Verified!

In order to create a playlist on Sporcle, you need to verify the email address you used during registration. Go to your Sporcle Settings to finish the process.

Report this User

Report this user for behavior that violates our Community Guidelines.

Details: